[Event "Qatar Masters Open 2023"]
[Site "Doha QAT"]
[Date "2023.10.20"]
[Round "9.25"]
[White "Krishna, C R G"]
[Black "Adhiban, Baskaran"]
[Result "0-1"]
[WhiteTitle "IM"]
[BlackTitle "GM"]
[WhiteElo "2407"]
[BlackElo "2551"]
[WhiteFideId "5018625"]
[BlackFideId "5018471"]
[EventDate "2023.10.11"]

1. d4 d5 2. Nf3 e6 3. e3 Nf6 4. c4 Be7 5. Bd3 O-O 6. O-O c5 7. a3 cxd4 8. exd4
dxc4 9. Bxc4 b6 10. Nc3 Bb7 11. Re1 Nc6 12. Ba2 Rc8 13. Qd3 Na5 14. Bg5 h6 15.
Bh4 Bxf3 16. gxf3 Nd5 17. Bg3 Nxc3 18. bxc3 Bf6 19. Rad1 Re8 20. Re4 Nb7 21. c4
g6 22. Re2 Nd6 23. d5 e5 24. Rde1 Qc7 25. Bxe5 Rxe5 26. Rxe5 Bxe5 27. Rxe5 Nxc4
28. Qxc4 Qxc4 29. Bxc4 Rxc4 30. Re7 Ra4 31. d6 Kf8 32. Rb7 Ke8 33. Re7+ Kd8 34.
Rxf7 Rxa3 35. Kg2 a5 36. Rb7 Rb3 37. h4 a4 38. h5 gxh5 39. f4 Rb5 0-1

[Event "Qatar Masters Open 2023"]
[Site "Doha QAT"]
[Date "2023.10.20"]
[Round "9.26"]
[White "Shahil, Dey"]
[Black "Lalit Babu M R"]
[Result "1/2-1/2"]
[WhiteTitle "IM"]
[BlackTitle "GM"]
[WhiteElo "2357"]
[BlackElo "2547"]
[WhiteFideId "35062352"]
[BlackFideId "5024595"]
[EventDate "2023.10.11"]

1. e4 e5 2. Nf3 Nc6 3. Nc3 Nf6 4. d4 exd4 5. Nxd4 Bb4 6. Nxc6 bxc6 7. Bd3 d5 8.
exd5 O-O 9. O-O cxd5 10. h3 Rb8 11. Qf3 Be6 12. a3 Be7 13. b4 c5 14. Bf4 Rb7 15.
bxc5 Bxc5 16. Rfd1 Qa5 17. Bd2 Qc7 18. Bf4 Qc6 19. Be5 Nd7 20. Bxh7+ Kxh7 21.
Qh5+ Kg8 22. Bxg7 Kxg7 23. Qg5+ Kh7 24. Qh5+ Kg7 25. Qg5+ Kh7 26. Qh5+ Kg7 27.
Qg5+ Kh7 1/2-1/2

[Event "Qatar Masters Open 2023"]
[Site "Doha QAT"]
[Date "2023.10.20"]
[Round "9.27"]
[White "Visakh, N R"]
[Black "Ohanyan, Emin"]
[Result "1-0"]
[WhiteTitle "GM"]
[BlackTitle "IM"]
[WhiteElo "2547"]
[BlackElo "2474"]
[WhiteFideId "25012223"]
[BlackFideId "13312022"]
[EventDate "2023.10.11"]

1. d4 Nf6 2. c4 e6 3. Nf3 d5 4. g3 dxc4 5. Bg2 c6 6. O-O b5 7. a4 Bb7 8. Ne5 a6
9. b3 cxb3 10. Qxb3 Qxd4 11. Bb2 Qb4 12. Qc2 Qc5 13. Qd3 Be7 14. Nd2 Qb6 15. Ne4
Nd5 16. Nxf7 Kxf7 17. Qf3+ Bf6 18. Ng5+ Ke7 19. e4 Bxg5 20. exd5 cxd5 21. a5 Qd8
22. Rfe1 Bf6 23. Bh3 Bc8 24. Bxf6+ gxf6 25. Rac1 Kf7 26. Qh5+ Kg7 27. Qg4+ Kf8
28. Qf4 Bd7 29. Bxe6 Bxe6 30. Rxe6 Kf7 31. Rd6 Nd7 32. Qd4 Kf8 33. Rxd5 Rc8 34.
Rxc8 Qxc8 35. Rxd7 Qc1+ 36. Kg2 Qc6+ 37. Kh3 1-0

[Event "Qatar Masters Open 2023"]
[Site "Doha QAT"]
[Date "2023.10.20"]
[Round "9.28"]
[White "Kevlishvili, Robby"]
[Black "Assaubayeva, Bibisara"]
[Result "1-0"]
[WhiteTitle "GM"]
[BlackTitle "IM"]
[WhiteElo "2521"]
[BlackElo "2469"]
[WhiteFideId "1040634"]
[BlackFideId "13708694"]
[EventDate "2023.10.11"]

1. e4 c5 2. Nf3 Nc6 3. d4 cxd4 4. Nxd4 e5 5. Nb5 d6 6. N1c3 a6 7. Na3 Be6 8. Nc4
Nf6 9. Bg5 Nd4 10. Nd5 Bxd5 11. exd5 Be7 12. c3 Nb5 13. a4 Na7 14. Be3 Nc8 15.
Be2 O-O 16. O-O Qd7 17. f4 e4 18. g4 Qc7 19. g5 Nd7 20. a5 f5 21. b4 Bd8 22. Qd2
Ne7 23. Nb6 Nxb6 24. axb6 Qd7 25. c4 Kh8 26. Kh1 Rc8 27. Rac1 Ng6 28. c5 Be7 29.
c6 bxc6 30. Bxa6 c5 31. Bxc8 Rxc8 32. Qa2 Rb8 33. Qa7 Qd8 34. bxc5 dxc5 35. Bxc5
Bxc5 36. Rxc5 e3 37. b7 Ne7 38. Rfc1 e2 39. Qxb8 1-0

[Event "Qatar Masters Open 2023"]
[Site "Doha QAT"]
[Date "2023.10.20"]
[Round "9.29"]
[White "Sankalp, Gupta"]
[Black "Gagare, Shardul"]
[Result "1/2-1/2"]
[WhiteTitle "GM"]
[BlackTitle "GM"]
[WhiteElo "2518"]
[BlackElo "2460"]
[WhiteFideId "5097010"]
[BlackFideId "5037883"]
[EventDate "2023.10.11"]

1. e4 e5 2. Nf3 Nc6 3. Bc4 Bc5 4. c3 Nf6 5. d3 d6 6. O-O h6 7. Re1 O-O 8. h3 a6
9. a4 Ba7 10. Nbd2 Re8 11. b4 Be6 12. Bxe6 Rxe6 13. Bb2 d5 14. b5 dxe4 15. Nxe4
Nb8 16. Nxf6+ Qxf6 17. Qb3 Nd7 18. d4 e4 19. Nd2 Qf4 20. Re2 Rd8 21. Rae1 Nc5
22. dxc5 Rxd2 23. Qc4 Rxe2 24. Rxe2 Qf5 25. Ba3 Re5 26. bxa6 bxa6 27. Qxa6 Bxc5
28. Bxc5 Rxc5 29. Qa8+ Kh7 30. Qxe4 Qxe4 31. Rxe4 Rxc3 32. Kf1 Ra3 33. Rf4 g5
34. Rxf7+ Kg6 35. Rxc7 Rxa4 36. Rc6+ Kg7 37. Rc2 Kg6 38. Ke2 Ra3 39. Rc6+ Kg7
40. Rd6 Rb3 41. Rd3 Rb2+ 42. Ke3 Ra2 43. Kf3 Ra4 44. Kg3 Rb4 45. Ra3 Rc4 46. Kf3
Rb4 47. Re3 Rf4+ 48. Ke2 Ra4 49. Rc3 Kg6 50. Rc6+ Kg7 51. Rd6 Ra3 52. g3 Rb3 53.
Rd3 Rb2+ 54. Kf3 Rb4 55. Re3 h5 56. Re4 Rb3+ 57. Kg2 Kf6 58. h4 g4 59. Re8 Kg7
60. Re5 Kg6 61. Re6+ Kg7 62. Rd6 Rb1 63. Rd2 Kg6 64. Ra2 Rc1 65. Re2 Ra1 66. f3
gxf3+ 67. Kxf3 Kf5 68. Re8 Ra3+ 69. Re3 Rxe3+ 1/2-1/2

[Event "Qatar Masters Open 2023"]
[Site "Doha QAT"]
[Date "2023.10.20"]
[Round "9.30"]
[White "Ashraf, Artin"]
[Black "Pranesh, M"]
[Result "1-0"]
[WhiteTitle "FM"]
[BlackTitle "GM"]
[WhiteElo "2340"]
[BlackElo "2515"]
[WhiteFideId "22514805"]
[BlackFideId "35028600"]
[EventDate "2023.10.11"]

1. c4 e6 2. Nf3 d5 3. g3 dxc4 4. Bg2 Nd7 5. Qa4 a6 6. Qxc4 b5 7. Qh4 Bb7 8.
Qxd8+ Rxd8 9. O-O Ngf6 10. a4 b4 11. d3 Nc5 12. Nbd2 Be7 13. Ne5 Bxg2 14. Kxg2
Nd5 15. d4 Nb7 16. e4 Nf6 17. Nc6 Ra8 18. f3 a5 19. Nb3 Ra6 20. Nxe7 Kxe7 21.
Bg5 Kd7 22. Bxf6 gxf6 23. Rac1 Rd6 24. Rc4 c6 25. Rfc1 Rb8 26. Kf2 e5 27. Ke3
exd4+ 28. Nxd4 Nd8 29. Nb3 Kc7 30. Nxa5 Ra8 31. Nb3 Rxa4 32. Nc5 Ra5 33. Rxb4 f5
34. Nb3 Ra2 35. Nd4 Rh6 36. Rc2 fxe4 37. Kxe4 Ra5 38. Rbc4 Rf6 39. b4 Ra1 40.
Ke5 Rg6 41. b5 Re1+ 42. Kf4 Rd6 43. Kg4 c5 44. Rxc5+ Kb6 45. Nf5 Rf6 46. Rd5 Ne6
47. Rc6+ Ka5 48. b6+ Ka6 49. Nd6 Rg6+ 50. Kh3 Nd8 51. Rc8 Rh6+ 52. Kg4 Rg6+ 53.
Kh5 Re2 54. h3 Ne6 55. Kh4 Ng7 56. g4 Rg2 57. b7 Rh6+ 58. Rh5 Nxh5 59. Ra8+ Kb6
60. b8=Q+ Kc6 61. Ra6+ Kd5 62. Qb5+ Kd4 63. Nf5+ Kc3 64. Ra3+ Kc2 65. Qd3+ Kb2
66. Qc3+ 1-0

[Event "Qatar Masters Open 2023"]
[Site "Doha QAT"]
[Date "2023.10.20"]
[Round "9.31"]
[White "Suleymenov, Alisher"]
[Black "Baskin, Robert"]
[Result "1/2-1/2"]
[WhiteTitle "GM"]
[BlackTitle "IM"]
[WhiteElo "2512"]
[BlackElo "2451"]
[WhiteFideId "13707833"]
[BlackFideId "24662402"]
[EventDate "2023.10.11"]

1. d4 Nf6 2. c4 e6 3. Nf3 c5 4. d5 exd5 5. cxd5 d6 6. Nc3 g6 7. e4 Bg7 8. h3 O-O
9. Be3 Re8 10. Nd2 Na6 11. Be2 Nc7 12. a4 Rb8 13. O-O a6 14. a5 Bd7 15. Nc4 Nb5
16. e5 dxe5 17. Bxc5 Nxc3 18. bxc3 Ne4 19. Bb6 Nxc3 20. Bxd8 Nxd1 21. Bc7 Nc3
22. Rfe1 e4 23. Rac1 Rbc8 24. d6 Nxe2+ 25. Rxe2 Bd4 26. Rd1 Bc5 27. Rd5 Bxd6 28.
Nxd6 Rxc7 29. Nxe8 Bxe8 30. Rxe4 Rc1+ 31. Kh2 Bc6 32. Rd8+ Kg7 33. Re5 Kf6 34.
Re3 Rc2 35. Rd6+ Kg7 36. Kg3 Rc5 37. Rd4 Rxa5 38. Re7 Rg5+ 39. Rg4 Rxg4+ 40.
hxg4 Kf6 41. Re1 a5 42. g5+ Kf5 43. Re7 a4 44. f4 f6 45. gxf6 Kxf6 46. Rxh7 a3
47. Kf2 a2 48. Rh1 Kf5 49. Ra1 Bd5 50. Ke3 b5 51. Kd2 b4 52. Kc1 Kxf4 53. Kb2 g5
54. Rd1 Bxg2 55. Rd4+ Be4 56. Rxb4 g4 57. Rb3 g3 58. Rxg3 a1=Q+ 59. Kxa1 Kxg3 1/2-1/2

[Event "Qatar Masters Open 2023"]
[Site "Doha QAT"]
[Date "2023.10.20"]
[Round "9.32"]
[White "Jain, Kashish Manoj"]
[Black "Samant, Aditya S"]
[Result "1/2-1/2"]
[WhiteTitle "FM"]
[BlackTitle "IM"]
[WhiteElo "2338"]
[BlackElo "2511"]
[WhiteFideId "35081098"]
[BlackFideId "35080580"]
[EventDate "2023.10.11"]

1. e4 c5 2. Nf3 Nc6 3. Bb5 e6 4. Bxc6 bxc6 5. d3 Qc7 6. h4 e5 7. h5 d5 8. Nc3 d4
9. Ne2 h6 10. Nd2 Nf6 11. Ng3 Bg4 12. f3 Be6 13. Nc4 Be7 14. Qe2 O-O 15. Nf5
Bxf5 16. exf5 Rfe8 17. Bd2 Nd5 18. O-O-O Bf6 19. Rde1 Qd8 20. g4 Rb8 21. Qh2 Nb6
22. Re4 Nxc4 23. dxc4 a5 24. a4 Qb6 25. b3 d3 26. Bc3 dxc2 27. Qxc2 Qxb3 28.
Qxb3 Rxb3 29. Kc2 Reb8 30. Ra1 Bh4 31. Ra2 f6 32. Re2 Bg5 33. Rb2 Rxb2+ 34. Bxb2
Kf7 35. Bc3 Ke7 36. Re1 Rb7 37. Rb1 Ra7 38. Kd3 Rd7+ 39. Ke2 Ra7 40. Be1 Rd7 41.
Bc3 Ra7 42. Rb6 Kd6 43. Be1 Kc7 44. Rb3 Ra8 45. Rd3 Bc1 46. Rb3 1/2-1/2

[Event "Qatar Masters Open 2023"]
[Site "Doha QAT"]
[Date "2023.10.20"]
[Round "9.34"]
[White "Chanda, Sandipan"]
[Black "Srihari, L R"]
[Result "0-1"]
[WhiteTitle "GM"]
[BlackTitle "IM"]
[WhiteElo "2496"]
[BlackElo "2438"]
[WhiteFideId "5004225"]
[BlackFideId "46617116"]
[EventDate "2023.10.11"]

1. d4 d5 2. Nf3 Nf6 3. Bf4 c5 4. e3 Nc6 5. Be2 Bg4 6. Nbd2 e6 7. O-O Bd6 8. dxc5
Bxc5 9. c4 O-O 10. a3 a5 11. Rc1 Qb6 12. cxd5 Nxd5 13. Nc4 Qa7 14. Bg3 Rfd8 15.
Qc2 Rac8 16. Bh4 f6 17. Qa4 Bh5 18. Ncd2 Ne5 19. Kh1 Be8 20. Bb5 Nd3 21. Bxe8
Rxe8 22. Rc2 Qa6 23. Rd1 Nxb2 24. Rxb2 Nc3 25. Qb3 Nxd1 26. Rb1 a4 27. Qxd1 Bxa3
28. Nd4 Qd3 29. h3 Qxb1 30. Qxb1 Rc1+ 31. Kh2 Rxb1 32. Nxb1 Bb2 33. Nb5 Ra8 34.
N1a3 Bxa3 35. Nxa3 Rd8 36. Nc2 Rd2 37. Na3 Rd3 38. Nc2 a3 0-1

[Event "Qatar Masters Open 2023"]
[Site "Doha QAT"]
[Date "2023.10.20"]
[Round "9.35"]
[White "Tan, Jun Ying"]
[Black "Bellahcene, Bilel"]
[Result "1-0"]
[WhiteTitle "CM"]
[BlackTitle "GM"]
[WhiteElo "2250"]
[BlackElo "2520"]
[WhiteFideId "5710413"]
[BlackFideId "696358"]
[EventDate "2023.10.11"]

1. d4 Nf6 2. c4 e6 3. Nc3 Bb4 4. e3 b6 5. Ne2 Ba6 6. Qa4 c5 7. a3 Bxc3+ 8. Nxc3
O-O 9. dxc5 bxc5 10. Be2 d5 11. O-O Qb6 12. cxd5 Nxd5 13. Nxd5 exd5 14. Bxa6
Nxa6 15. Rd1 c4 16. Rxd5 Rac8 17. Qc2 Nc5 18. Bd2 Rfd8 19. Rxd8+ Rxd8 20. Bc3
Rd3 21. Bb4 Qb5 22. Rc1 Rd5 23. h3 a5 24. Bxc5 Rxc5 25. Qc3 a4 26. Qb4 Qc6 27.
Qb8+ Qc8 28. Qxc8+ Rxc8 29. Kf1 Kf8 30. Ke2 Ke7 31. Kd2 Rd8+ 32. Kc2 Rd3 33. Rd1
Rb3 34. Rd4 c3 35. Rb4 1-0

[Event "Qatar Masters Open 2023"]
[Site "Doha QAT"]
[Date "2023.10.20"]
[Round "9.36"]
[White "Banh Gia Huy"]
[Black "Rasulov, Vugar"]
[Result "1/2-1/2"]
[WhiteTitle "FM"]
[BlackTitle "GM"]
[WhiteElo "2397"]
[BlackElo "2560"]
[WhiteFideId "12424714"]
[BlackFideId "13402390"]
[EventDate "2023.10.11"]

1. d4 Nf6 2. Bf4 d5 3. e3 c5 4. Nf3 Nc6 5. Nbd2 e6 6. c3 cxd4 7. exd4 Nh5 8. Be3
Bd6 9. Ne5 g6 10. Nd3 Qc7 11. g3 O-O 12. Bg2 b6 13. O-O Ba6 14. Nf3 Rad8 15. Re1
f6 16. g4 Ng7 17. g5 Nh5 18. gxf6 Nxf6 19. Bh6 Ng4 20. Bxf8 Bxh2+ 21. Kf1 Rxf8
22. Bh3 Nxf2 23. Bxe6+ Kg7 24. Kxf2 Bxd3 25. Qxd3 Qg3+ 26. Ke2 Qg2+ 27. Kd1 Rxf3
28. Qd2 Rf2 29. Re2 Qg1+ 30. Kc2 Rxe2 31. Qxe2 Qxa1 32. Qxh2 Qe1 33. Qc7+ Kf6
34. Qf7+ Kg5 35. Bxd5 Qe2+ 36. Kc1 Ne7 37. Be6 Qe3+ 38. Kc2 Nc6 39. Bd5 Qe2+ 40.
Kc1 1/2-1/2

[Event "Qatar Masters Open 2023"]
[Site "Doha QAT"]
[Date "2023.10.20"]
[Round "9.37"]
[White "Dai, Changren"]
[Black "Lee, Jun Hyeok"]
[Result "0-1"]
[WhiteTitle "GM"]
[BlackTitle "IM"]
[WhiteElo "2507"]
[BlackElo "2362"]
[WhiteFideId "8608156"]
[BlackFideId "13202340"]
[EventDate "2023.10.11"]

1. d4 Nf6 2. c4 d6 3. Nc3 Nbd7 4. e4 e5 5. d5 Nc5 6. f3 a5 7. Be3 Be7 8. Nge2
O-O 9. Qd2 c6 10. O-O-O cxd5 11. cxd5 Qc7 12. Kb1 Bd7 13. Ng3 Rfc8 14. Nb5 Qb6
15. Na3 Ne8 16. Rc1 a4 17. Be2 Bd8 18. Rc2 Qa7 19. Bb5 Bxb5 20. Nxb5 Qa6 21. Qe2
b6 22. Nf5 Nb7 23. Rc6 Na5 24. Rhc1 Nxc6 25. dxc6 a3 26. b3 d5 27. exd5 Nc7 28.
Nfd6 Be7 29. Qc4 Bxd6 30. Nxd6 Rd8 31. Nf5 g6 32. Ne7+ Kf8 33. Bg5 Qxc4 34. bxc4
Rd6 35. Rc3 f6 36. Bc1 Kxe7 37. Bxa3 b5 0-1

[Event "Qatar Masters Open 2023"]
[Site "Doha QAT"]
[Date "2023.10.20"]
[Round "9.38"]
[White "Abdurakhmonov, Mukhammadali"]
[Black "Mousavi, Seyed Khalil"]
[Result "1/2-1/2"]
[WhiteTitle "IM"]
[BlackTitle "GM"]
[WhiteElo "2405"]
[BlackElo "2492"]
[WhiteFideId "14207346"]
[BlackFideId "12511099"]
[EventDate "2023.10.11"]

1. e4 c5 2. Nf3 d6 3. d4 cxd4 4. Nxd4 Nf6 5. Nc3 a6 6. Be3 e5 7. Nb3 Be6 8. f3
Nbd7 9. Qd2 Be7 10. g4 b5 11. g5 Nh5 12. O-O-O O-O 13. Rg1 Rc8 14. Kb1 Nb6 15.
Qf2 Nc4 16. Bxc4 bxc4 17. Nc5 Nf4 18. Bxf4 exf4 19. Nxe6 fxe6 20. h4 Rb8 21. Qd4
Qc7 22. Ka1 d5 23. exd5 Bc5 24. Qxc4 Ba3 25. Qxc7 Bxb2+ 26. Kb1 Ba3+ 27. Ka1
Bb2+ 28. Kb1 Ba3+ 29. Ka1 Bb2+ 30. Kb1 Ba3+ 1/2-1/2

[Event "Qatar Masters Open 2023"]
[Site "Doha QAT"]
[Date "2023.10.20"]
[Round "9.39"]
[White "Madaminov, Mukhiddin"]
[Black "Panda, Sambit"]
[Result "1-0"]
[WhiteTitle "IM"]
[BlackTitle "IM"]
[WhiteElo "2484"]
[BlackElo "2395"]
[WhiteFideId "14210703"]
[BlackFideId "25091794"]
[EventDate "2023.10.11"]

1. e4 c6 2. Nf3 d5 3. Nc3 Bg4 4. h3 Bxf3 5. Qxf3 Nf6 6. Be2 g6 7. O-O Bg7 8. g3
Nbd7 9. d4 Nxe4 10. Nxe4 dxe4 11. Qxe4 Nf6 12. Qd3 O-O 13. c3 Qb6 14. Bf3 Rad8
15. Qc4 Nd5 16. Re1 Rfe8 17. Kg2 Rd7 18. h4 h6 19. Re2 e6 20. a3 Rc8 21. Qa4 a5
22. Qc4 Qb5 23. Qa2 Qd3 24. Qb1 Qxb1 25. Rxb1 a4 26. Bd2 b5 27. Rbe1 Nb6 28. Be4
Nc4 29. Bc1 c5 30. dxc5 Rxc5 31. Bc2 Rcd5 32. f3 Kf8 33. g4 h5 34. Be4 Rc5 35.
gxh5 gxh5 36. Kh3 Bf6 37. Rg2 Ke7 38. Rg8 Rd8 39. Rxd8 Kxd8 40. Rg1 Nd6 41. Bd3
Rd5 42. Bc2 Ke7 43. Re1 Rc5 44. Re2 Nc4 45. Be4 Nd6 46. Bb1 Rd5 47. Bc2 Nc4 48.
Rg2 Re5 49. Be4 Nd6 50. Bf4 Rc5 51. Bc2 Nc4 52. Bc1 Re5 53. Rg1 Rc5 54. Rg8 Nd6
55. Bf4 Nc4 56. Bc1 Nd6 57. Ra8 Rc4 58. Bd3 Rxh4+ 59. Kg2 Be5 60. Bg5+ Bf6 61.
Ra7+ 1-0

[Event "Qatar Masters Open 2023"]
[Site "Doha QAT"]
[Date "2023.10.20"]
[Round "9.40"]
[White "Nogerbek, Kazybek"]
[Black "Aradhya, Garg"]
[Result "0-1"]
[WhiteTitle "IM"]
[BlackTitle "FM"]
[WhiteElo "2471"]
[BlackElo "2344"]
[WhiteFideId "13710427"]
[BlackFideId "25006746"]
[EventDate "2023.10.11"]

1. d4 d5 2. Nf3 Nf6 3. c3 Bf5 4. Qb3 Qc8 5. c4 e6 6. cxd5 exd5 7. Nc3 c6 8. Bf4
Be7 9. Rc1 O-O 10. e3 Rd8 11. Be2 Bd6 12. Ne5 Qc7 13. g4 Be6 14. g5 Ne4 15. Nxe4
dxe4 16. Bc4 Bxc4 17. Rxc4 Qe7 18. Rc1 Nd7 19. Nxf7 Bb4+ 20. Ke2 Qxf7 21. Qxb4
Nf8 22. Rhg1 Ne6 23. Be5 Rd5 24. Rg3 Rf8 25. Rf1 c5 26. Qb3 cxd4 27. Bf6 gxf6
28. gxf6+ Kh8 29. Rfg1 Rf5 30. Rg7 Qxf6 0-1

[Event "Qatar Masters Open 2023"]
[Site "Doha QAT"]
[Date "2023.10.20"]
[Round "9.41"]
[White "Muthaiah, AL"]
[Black "Sattarov, Bobir"]
[Result "1/2-1/2"]
[WhiteTitle "IM"]
[BlackTitle "IM"]
[WhiteElo "2470"]
[BlackElo "2341"]
[WhiteFideId "5092442"]
[BlackFideId "14203081"]
[EventDate "2023.10.11"]

1. d4 g6 2. Nf3 Bg7 3. Bf4 d6 4. e3 Nd7 5. c3 e5 6. dxe5 dxe5 7. Bg3 Nh6 8. e4
O-O 9. Nbd2 f5 10. Qb3+ Kh8 11. O-O-O Nf7 12. Bc4 Nd6 13. exf5 gxf5 14. Rhe1 e4
15. Bxd6 cxd6 16. Nd4 Nc5 17. Qc2 d5 18. Bf1 Bd7 19. N2b3 b6 20. Kb1 Rc8 21. f3
Qf6 22. Bb5 Be6 23. fxe4 fxe4 24. Rf1 Qe5 25. Nxe6 Rxf1 26. Bxf1 Nxe6 27. g3 a5
28. a4 Nc5 29. Nd4 Rf8 30. Bb5 Qg5 31. Ka2 Qe3 32. Qe2 Bxd4 33. Rxd4 Qxe2 34.
Bxe2 Rf2 35. Bb5 e3 36. Rxd5 Ne4 37. Re5 Nxc3+ 38. Ka3 Nd1 39. h4 Rxb2 40. Rxe3
Rf2 1/2-1/2

[Event "Qatar Masters Open 2023"]
[Site "Doha QAT"]
[Date "2023.10.20"]
[Round "9.42"]
[White "Stany, G.A."]
[Black "Aaryan, Varshney"]
[Result "1/2-1/2"]
[WhiteTitle "GM"]
[BlackTitle "FM"]
[WhiteElo "2469"]
[BlackElo "2339"]
[WhiteFideId "5029104"]
[BlackFideId "45048975"]
[EventDate "2023.10.11"]

1. e4 e5 2. Nf3 Nc6 3. Bb5 Nf6 4. O-O Nxe4 5. Re1 Nd6 6. Nxe5 Be7 7. Bf1 Nxe5 8.
Rxe5 O-O 9. d4 Bf6 10. Re2 Nf5 11. d5 d6 12. Nc3 Bd7 13. Re1 Bg5 14. Ne4 Bxc1
15. Rxc1 Re8 16. c4 b6 17. Qh5 Qh4 18. Qxh4 Nxh4 19. f4 h6 20. Nd2 Rxe1 21. Rxe1
Re8 22. Rxe8+ Bxe8 23. Kf2 a5 24. Bd3 Bd7 25. g3 Nf5 26. g4 Ne7 27. f5 h5 28. h3
hxg4 29. hxg4 f6 30. Nf3 Kf7 31. Nd4 g5 32. Be4 Ke8 33. Ke3 Kd8 34. Kd3 Ng8 35.
Kc3 Nh6 36. Bf3 Nf7 37. b3 Ne5 38. Be2 Kc8 39. a3 Kd8 40. Kd2 1/2-1/2

[Event "Qatar Masters Open 2023"]
[Site "Doha QAT"]
[Date "2023.10.20"]
[Round "9.43"]
[White "Chen, Qi b"]
[Black "Raahul, V S"]
[Result "1-0"]
[WhiteTitle "IM"]
[BlackTitle "IM"]
[WhiteElo "2465"]
[BlackElo "2340"]
[WhiteFideId "8614733"]
[BlackFideId "25035525"]
[EventDate "2023.10.11"]

1. e4 e5 2. Nf3 Nc6 3. Bb5 a6 4. Ba4 Nf6 5. Nc3 Bb4 6. d3 d6 7. O-O O-O 8. Bg5
Bxc3 9. bxc3 Qe7 10. Nd2 Nd8 11. f4 exf4 12. Bxf4 Ne6 13. Bg3 d5 14. e5 Nd7 15.
Kh1 Qc5 16. Bb3 Qxc3 17. Bxd5 Nxe5 18. Ne4 Qd4 19. Bb3 Ng6 20. Qh5 h6 21. Rae1
Qd8 22. Rf5 b6 23. Ref1 Ra7 24. Be1 c5 25. Bc3 Qh4 26. Qxg6 fxg6 27. Rxf8+ Kh7
28. Rxc8 Qe7 29. Nf6+ gxf6 30. Bxf6 1-0

[Event "Qatar Masters Open 2023"]
[Site "Doha QAT"]
[Date "2023.10.20"]
[Round "9.44"]
[White "Mohammad Fahad, Rahman"]
[Black "Ravi, Teja S."]
[Result "1/2-1/2"]
[WhiteTitle "IM"]
[BlackTitle "IM"]
[WhiteElo "2396"]
[BlackElo "2448"]
[WhiteFideId "10207791"]
[BlackFideId "5017220"]
[EventDate "2023.10.11"]

1. d4 d5 2. c4 e6 3. Nf3 Nf6 4. Nc3 a6 5. cxd5 exd5 6. Qb3 Be7 7. Bf4 O-O 8. e3
Bd6 9. Be5 c6 10. Bd3 Bxe5 11. Nxe5 Nbd7 12. Nf3 Re8 13. O-O Nf8 14. Rac1 Ng6
15. Bxg6 hxg6 16. Ne5 Qe7 17. Na4 Ne4 18. Qd1 Nd6 19. Nc5 Kh7 20. Re1 f6 21. Nf3
Bf5 22. Nd2 Rad8 23. f3 Bc8 24. Qe2 Nf5 25. Qf2 g5 26. Nf1 Kg8 27. a3 Qf7 28.
Rcd1 Nd6 29. h3 Re7 30. Ng3 Rde8 31. Re2 Nf5 32. Rde1 Qg6 33. Nxf5 Bxf5 34. Rd2
Qh7 35. b4 Rb8 36. a4 Ra8 37. a5 Rae8 38. Rb2 Bg6 39. Qg3 Kh8 40. Rbe2 Bd3 41.
Rf2 Bf5 42. f4 Qh4 43. Qxh4+ gxh4 44. Rfe2 Kg8 45. Kf2 Kf7 46. Ra2 Rh8 47. Rae2
Rhe8 48. Ra2 Rg8 49. Kf1 Ke8 50. Rf2 Kd8 51. Ke2 Kc7 52. Kd2 Rh8 53. Ra1 Rh6 54.
Rg1 Rg6 55. Rf3 Re8 56. Ke2 Be4 57. Nxe4 Rxe4 58. f5 Rg5 59. g4 hxg3 60. Rfxg3
Rxg3 61. Rxg3 Re7 62. Rg1 Kd8 63. Rg4 Ke8 64. Rh4 Kf7 65. Rh8 g5 66. Rh7+ Kf8
67. Rxe7 Kxe7 68. Kf3 Kf7 69. e4 dxe4+ 70. Kxe4 Ke7 71. d5 Kd6 72. dxc6 Kxc6 73.
Kd4 Kd6 74. Kc4 Kc6 75. Kd4 Kd6 76. Kc4 Kc6 77. b5+ Kd6 78. bxa6 bxa6 79. Kd4
Kc6 80. Kc4 Kd6 81. Kd4 1/2-1/2

[Event "Qatar Masters Open 2023"]
[Site "Doha QAT"]
[Date "2023.10.20"]
[Round "9.45"]
[White "Rosen, Eric"]
[Black "Tarhan, Adar"]
[Result "1-0"]
[WhiteTitle "IM"]
[BlackTitle "FM"]
[WhiteElo "2341"]
[BlackElo "2445"]
[WhiteFideId "2032562"]
[BlackFideId "34544712"]
[EventDate "2023.10.11"]

1. e4 e5 2. Nf3 Nc6 3. Nc3 Nf6 4. d4 exd4 5. Nxd4 Bb4 6. Nxc6 bxc6 7. Bd3 d5 8.
Bd2 O-O 9. O-O Re8 10. Nxd5 cxd5 11. Bxb4 Nxe4 12. Re1 Qg5 13. Bxe4 dxe4 14. Re3
Bg4 15. Qf1 f5 16. Rae1 Qg6 17. Qc4+ Re6 18. Kh1 Re8 19. h3 Qf7 20. Rc3 Qh5 21.
Kg1 Kh8 22. hxg4 fxg4 23. Qc5 Qh4 24. g3 Qh3 25. Qb5 c5 26. Bxc5 Qh5 27. Qf1 1-0

[Event "Qatar Masters Open 2023"]
[Site "Doha QAT"]
[Date "2023.10.20"]
[Round "9.47"]
[White "Mayank, Chakraborty"]
[Black "Saydaliev, Saidakbar"]
[Result "1/2-1/2"]
[WhiteTitle "CM"]
[BlackTitle "IM"]
[WhiteElo "2333"]
[BlackElo "2426"]
[WhiteFideId "25659766"]
[BlackFideId "14203693"]
[EventDate "2023.10.11"]

1. d4 Nf6 2. c4 e6 3. g3 d5 4. Bg2 Bb4+ 5. Nd2 O-O 6. Nf3 b6 7. O-O Bb7 8. a3
Be7 9. cxd5 exd5 10. b4 Nbd7 11. Bb2 Rb8 12. Rb1 Ra8 13. Ra1 Rb8 14. Rb1 Ra8 15.
Ra1 Rb8 16. Rb1 1/2-1/2

[Event "Qatar Masters Open 2023"]
[Site "Doha QAT"]
[Date "2023.10.20"]
[Round "9.49"]
[White "Laxman, R.R."]
[Black "Divya, Deshmukh"]
[Result "0-1"]
[WhiteTitle "GM"]
[BlackTitle "WGM"]
[WhiteElo "2322"]
[BlackElo "2408"]
[WhiteFideId "5005361"]
[BlackFideId "35006916"]
[EventDate "2023.10.11"]

1. d4 d5 2. Nf3 Nf6 3. c4 c6 4. e3 Bf5 5. Nc3 e6 6. Bd3 Bg6 7. a3 Nbd7 8. O-O
Bd6 9. b3 O-O 10. Bb2 Re8 11. Bxg6 hxg6 12. Ng5 dxc4 13. bxc4 e5 14. Nce4 Nxe4
15. Nxe4 Bc7 16. Ng3 exd4 17. exd4 c5 18. d5 Bd6 19. Qb3 Qh4 20. a4 Rad8 21. a5
Nf6 22. Bxf6 gxf6 23. Qxb7 Kg7 24. Qb3 Re4 25. Rfc1 Rg4 26. Ra3 Bf4 27. Rd1 Be5
28. Qf3 Rxc4 29. h3 Rf4 30. Qe2 Bd4 31. Rf1 Rxd5 32. Qe7 c4 33. Qb7 Bxf2+ 34.
Rxf2 Rd1+ 35. Rf1 Rfxf1+ 36. Nxf1 Qd4+ 37. Kh2 Rxf1 38. Qc7 f5 39. Ra4 f4 0-1